000 00601nam a2200229Ia 4500
003 OSt
005 20220928114920.0
006 a|||||r|||| 00| 0
007 ta
008 220927b |||||||| |||| 00| 0 eng d
024 _a138983
037 _cTextual
040 _aSDCL
_cSDCL
_beng
041 _2eng
_aeng
082 _aX61, M6
100 _aGoacher David J
_9442369
245 0 _aIntroduction to monetary economics.
260 _aLondon
_bFinancial Training
_c1986
300 _ax,388p
_ccm.
942 _hX61, M6
_cTEXL
_2CC
999 _c757628
_d757628